[Event "Asker op"]
[Site "Asker"]
[Date "2014.12.01"]
[Round "9"]
[White "Lindfors, Bjorn"]
[Black "Hole, Victor"]
[Result "1-0"]
[WhiteElo "1145"]
[BlackElo "914"]
[PlyCount "87"]
[EventDate "2014.09.01"]
[EventType "swiss"]
[EventRounds "9"]
[EventCountry "NOR"]
[SourceTitle "EXT 2017"]
[Source "ChessBase"]
[SourceDate "2016.10.25"]
[SourceVersion "1"]
[SourceVersionDate "2016.10.25"]
[SourceQuality "1"]

1. e4 c6 2. d4 d5 3. Bd3 dxe4 4. Bxe4 Nf6 5. Nc3 Nxe4 6. Nxe4 Bf5 7. f3 Nd7 8. Be3 e6 9. Ne2 Be7 10. Qd2 Nb6 11. b3 Nd5 12. Bf2 Qb6 13. 0-0 0-0 14. c4 Bxe4 15. fxe4 Nf6 16. Ng3 Qc7 17. e5 Ng4 18. Ne4 Rad8 19. c5 f6 20. Bg3 fxe5 21. Qe2 Nh6 22. Rxf8+ Rxf8 23. Bxe5 Qd7 24. Rf1 Rxf1+ 25. Qxf1 Ng4 26. Qf4 Nxe5 27. Qxe5 Bf6 28. Nxf6+ gxf6 29. Qxf6 Qf7 30. Qxf7+ Kxf7 31. g4 e5 32. dxe5 Ke6 33. Kf2 Kxe5 34. Ke3 Kf6 35. h4 Kg6 36. Kf4 h6 37. Ke5 Kf7 38. a4 Ke7 39. Kf5 Kf7 40. b4 a6 41. h5 Kg7 42. Ke6 Kf8 43. Kd7 b5 44. axb5 1-0

[Event "Asker op"]
[Site "Asker"]
[Date "2014.10.13"]
[Round "3"]
[White "Nydal, Roar"]
[Black "Lindfors, Bjorn"]
[Result "1-0"]
[WhiteElo "1378"]
[BlackElo "1145"]
[PlyCount "65"]
[EventDate "2014.09.01"]
[EventType "swiss"]
[EventRounds "9"]
[EventCountry "NOR"]
[SourceTitle "EXT 2017"]
[Source "ChessBase"]
[SourceDate "2016.10.25"]
[SourceVersion "1"]
[SourceVersionDate "2016.10.25"]
[SourceQuality "1"]

1. b4 e5 2. a3 d6 3. c4 Be6 4. e3 g6 5. Bb2 Bg7 6. Nf3 Nc6 7. Be2 Nge7 8. 0-0 0-0 9. d3 a6 10. Nbd2 d5 11. cxd5 Nxd5 12. Ne4 f6 13. Nc5 Qc8 14. d4 e4 15. Nxe4 b6 16. Rc1 Nce7 17. Qd2 Bf5 18. Nd6 Qe6 19. Nxf5 Qxf5 20. Rc2 b5 21. Rfc1 c6 22. Bd3 Qd7 23. Rc5 Bh6 24. Be4 Rac8 25. Bxd5+ cxd5 26. Qd3 Rfe8 27. Re1 Bg7 28. Qb3 Kh8 29. Rcc1 Kg8 30. e4 Bh6 31. Rc5 Rxc5 32. dxc5 Bg7 33. Rd1 1-0

[Event "Asker op"]
[Site "Asker"]
[Date "2014.10.06"]
[Round "4"]
[White "Jacobsson, Henrik"]
[Black "Lindfors, Bjorn"]
[Result "1-0"]
[WhiteElo "825"]
[BlackElo "1145"]
[PlyCount "41"]
[EventDate "2014.09.01"]
[EventType "swiss"]
[EventRounds "9"]
[EventCountry "NOR"]
[SourceTitle "EXT 2017"]
[Source "ChessBase"]
[SourceDate "2016.10.25"]
[SourceVersion "1"]
[SourceVersionDate "2016.10.25"]
[SourceQuality "1"]

1. c4 Nf6 2. g3 Nc6 3. d3 b6 4. Bg2 Bb7 5. b4 e6 6. b5 Bb4+ 7. Bd2 Bxd2+ 8. Qxd2 Na5 9. Bxb7 Nxb7 10. Nf3 c5 11. bxc6 dxc6 12. 0-0 0-0 13. Nc3 Qc7 14. Rab1 Rad8 15. Qe3 Nd6 16. c5 Nf5 17. cxb6 axb6 18. Qxb6 Qxb6 19. Rxb6 Nd5 20. Rxc6 Nxc3 21. Rxc3 1-0

[Event "Asker Autumn-B"]
[Site "Asker"]
[Date "2012.09.03"]
[Round "2"]
[White "Lindfors, Bjorn"]
[Black "Syvertsen, Finn"]
[Result "0-1"]
[WhiteElo "1168"]
[BlackElo "1175"]
[PlyCount "36"]
[EventDate "2012.08.27"]
[EventType "swiss"]
[EventCountry "NOR"]
[SourceTitle "EXT 2024"]
[Source "ChessBase"]
[SourceDate "2023.10.10"]
[SourceVersion "1"]
[SourceVersionDate "2023.10.10"]
[SourceQuality "1"]

1. e4 e6 2. d4 d5 3. exd5 exd5 4. Nf3 c5 5. Bb5+ Nc6 6. 0-0 Be7 7. Re1 Nf6 8. dxc5 0-0 9. Bxc6 bxc6 10. b4 Qc7 11. Qd4 Nh5 12. g4 Bf6 13. Ne5 Bxe5 14. Rxe5 Bxg4 15. h3 Rfe8 16. Rxe8+ Rxe8 17. Nd2 Nf4 18. Kh1 Re1+ 0-1